000 00489nam a2200181Ia 4500
008 090124s9999 xx 000 0 und d
082 _b123344
100 _aकाशिकर एस.एम.
245 _a प्रतिशोध
250 _a1
260 _c1989
300 _a192
600 _aकाशिकर एस.एम.
630 _a प्रतिशोध
700 _aकाशिकर एस.एम.
730 _a प्रतिशोध
942 _cBOOK
999 _c169430
_d169430